01665nam a2200265 u 4500001000800000005001700008008004100025020001800066035001200084040001300096041000800109082000800117100003200125245005200157260004500209300006300254505086600317650002701183650002601210650003201236650003401268700002701302700003601329700003401365153307420260508093709.0190829s1968 spa  a9788429173611 a1533074 ccomduadb aspa 4a66010aMcCabe, Warren L.4auteaut10aOperaciones básicas de ingeniería química aBarcelona :bEditorial Reverté,c1968. apáginas: vi, 1-498 :bilustraciones, tablas, gráficas. aCONTENIDO : Prologo. -- 1. -- Introducción. -- SECCIÓN 2: MECÁNICA DE FLUIDOS. -- 2: Estática de fluidos y sus aplicaciones. -- 3: Fenómenos de Flujo de fluidos. -- 4: Ecuaciones básicas del flujo de fluidos. -- 5: Flujo de los fluidos no compresibles en conducciones y capas delgadas. -- 6: Flujo de fluidos no compresibles. -- 7: Flujo alrededor de cuerpos sumergidos. -- Transporte y medida de fluidos. -- 8: Agitación y mezcla de líquidos. -- SECCIÓN 3: TRANSMISIÓN DE CALOR Y SUS APLICACIONES. -- 10: Transmisión de calor por conducción en sólidos. -- 11: Fundamentos del Flujo de calor en fluidos. -- 12: Transmisión de calor en fluidos sin cambio de fase. -- 13: Transmisión de calor en fluidos con cambio de fase. -- 14: Transmisión de calor por radiación. -- 15: Aparatos de intercambio de calor. -- 16: Evaporación. aIngeniería química aOperaciones unitarias 7aMecánica de fluidos2lemb 7aTransmisión del calor2lemb10aSmith, Jorge4auteaut10aMato Vázquez, Fidel4trletrl10aCoca Prados, José4trletrl